Statistiken für Champions League Topscorer 1991/92

Klicken Sie hier um das Quiz zu spielen!

Allgemein

  • Dieses Quiz wurde 8 mal gespielt
  • Das Durchschnittsergebnis liegt bei 4 aus 20

Antwortstatistiken

RangNationVereinToreAntwort% Korrekt
1FrankreichOL Marseille7Jean-Pierre Papin
88%
7BulgarienBarcelona4Hristo Stoichkov
75%
14DänemarkBarcelona3Michael Laudrup
63%
3JugoslawienCrvena Zvezda6Darko Pancev
38%
3ItalienSampdoria6Gianluca Vialli
38%
14RusslandDynamo Kiev3Oleg Salenko
25%
7ItalienSampdoria4Roberto Mancini
25%
7JugoslawienCrvena Zvezda4Sinisa Mihajlovic
25%
7BelgienAnderlecht4Marc Degryse
13%
7EnglandArsenal4Alan Smith
0%
7ItalienSampdoria4Attilio Lombardo
0%
14SpanienBarcelona3Bakero
0%
7PortugalBenfica4Cesar Brito
0%
14GriechenlandPanathinaikos3Dimitrios Saravakos
0%
6BrasilienBenfica5Isaias
0%
14UngarnKispesti Honved3Istvan Pisont
0%
3BelgienAnderlecht6Luc Nilis
0%
14JugoslawienCrvena Zvezda3Milorad Ratkovic
0%
14TschechienSparta Praha3Petr Vrabec
0%
1RusslandBenfica7Sergey Yuran
0%

Verteilung der Resultate

Perzentil nach korrekt beantworteten Fragen

Anzahl Personen mit jedem Resultat

Ihre Resultats-Entwicklung

Sie haben dieses Quiz noch nicht gespielt